Tuyển tập ngụ ngôn Êdốp

Na minha lista:
Detalhes bibliográficos
Autor principal: Êdốp
Outros Autores: Phạm Khải Hoàn (Dịch)
Formato: Livro
Idioma:Vietnamese
Publicado em: H. Văn học 1998
coleção:Văn học cổ điển nước ngoài. Văn học Hy Lạp
Assuntos:
Tags: Adicionar Tag
Sem tags, seja o primeiro a adicionar uma tag!
Thư viện lưu trữ: Mạng thư viện Đại học Đà Nẵng
LEADER 01297nam a22003978a 4500
001 000014608
003 10978
005 20120509080548.0
008 120509s1998 b 000 0 od
020 |c 11000đ  |d 1000b 
041 0 |a 9808 
041 0 |a vie 
080 |a K4(518)-2 
082 |a 888  |b Tuy 
084 |a V3(4Hy)-6  |b T523ể 
100 1 |a Êdốp 
245 1 0 |a Tuyển tập ngụ ngôn Êdốp  |c Phạm Khải Hoàn dịch ; Nguyễn Tâm giới thiệu 
260 |a H.  |b Văn học  |c 1998 
300 |a 134tr  |c 19cm 
490 |a Văn học cổ điển nước ngoài. Văn học Hy Lạp 
500 |a Tuyển và dịch từ các bản tiếng Anh 
653 |a Văn học dân gian 
653 |a Hy Lạp 
653 |a văn học cổ đại 
653 |a truyện ngụ ngôn 
700 1 |a Phạm Khải Hoàn  |e Dịch 
OWN |a LSP 
AVA |a UDN50  |b LSP  |d 888 Tuy  |e available  |t Error 5001 Not defined in file expand_doc_bib_avail.  |f 2  |g 0  |h N  |i 0  |k 1 
999 |a From the UDN01 
AVA |a UDN50  |b LSP  |d 888 Tuy  |e available  |t Error 5001 Not defined in file expand_doc_bib_avail.  |f 2  |g 0  |h N  |i 0  |k 1 
TYP |a Monograph 
TYP |a Printed language 
980 |a Mạng thư viện Đại học Đà Nẵng